How to master the Indonesian language; (Record no. 87277)

MARC details
000 -LEADER
fixed length control field 00586nam a22001931 4500
001 - CONTROL NUMBER
control field sa 68016735
003 - CONTROL NUMBER IDENTIFIER
control field DLC
005 - DATE AND TIME OF LATEST TRANSACTION
control field 20260227112657.0
008 - FIXED-LENGTH DATA ELEMENTS--GENERAL INFORMATION
fixed length control field 850924s1966 io b 00010 eng
010 ## - LIBRARY OF CONGRESS CONTROL NUMBER
LC control number sa 68016735 //r85
025 ## - OVERSEAS ACQUISITION NUMBER
Overseas acquisition number PL480:Indo-4555
050 0# - LIBRARY OF CONGRESS CALL NUMBER
Classification number PL5073
Item number .A4
100 10 - MAIN ENTRY--PERSONAL NAME
Personal name Almatsier, A. M.
245 10 - TITLE STATEMENT
Title How to master the Indonesian language;
Remainder of title a course for English-speaking foreigners,
Statement of responsibility, etc. by A.M. Almatsier.
260 0# - PUBLICATION, DISTRIBUTION, ETC.
Place of publication, distribution, etc. Djakarta,
Name of publisher, distributor, etc. Gunung Agung,
Date of publication, distribution, etc. 1966.
300 ## - PHYSICAL DESCRIPTION
Extent 143 p.
Dimensions 21 cm.
504 ## - BIBLIOGRAPHY, ETC. NOTE
Bibliography, etc. note Bibliography: p. 143.
650 #0 - SUBJECT ADDED ENTRY--TOPICAL TERM
Topical term or geographic name entry element Indonesian language
General subdivision Grammar.

No items available.

Powered by Koha